[Event "EU-ch 11th"]
[Site "Rijeka"]
[Date "2010.03.14"]
[Round "8"]
[White "Roiz, Michael"]
[Black "Evdokimov, Alexander A"]
[Result "1-0"]
[WhiteElo "2652"]
[BlackElo "2564"]
[Annotator "Roiz,M"]
[PlyCount "87"]
[EventDate "2010.03.06"]
[EventType "swiss"]
[EventRounds "11"]
[EventCountry "CRO"]
[SourceTitle "CBM 136"]
[Source "ChessBase"]
[SourceDate "2010.05.18"]
[SourceVersion "1"]
[SourceVersionDate "2010.05.18"]
[SourceQuality "1"]

1. d4 Nf6 2. Nf3 g6 3. c4 Bg7 4. Nc3 d5 5. cxd5 Nxd5 6. e4 Nxc3 7. bxc3 c5 8.
Be3 Bg4 $5 {In my opinion, this rare move deserves more attention, since
lately White has managed to find some new ideas in the main system with 8...
Qa5.} 9. Rc1 (9. Qd2 cxd4 (9... Bxf3 10. gxf3 cxd4 11. cxd4 Nc6 12. Rd1 O-O 13.
d5 Ne5 14. Be2 Rc8 15. O-O Qd7 16. Kg2 Nc4 17. Bxc4 Rxc4 18. Rc1 Rxe4 19. fxe4
Qg4+ {1/2-1/2 Doettling,F-Svidler,P/France 2002/EXT 2003}) 10. cxd4 Nc6 11. Rd1
O-O 12. Be2 Qa5 13. O-O Rfc8 14. h3 Bxf3 15. Bxf3 Qxd2 16. Rxd2 Na5 $11 {
1/2-1/2 Sokolov,I-Mamedyarov,S/Gothenburg 2005/CBM 109 (79)}) (9. Qa4+ Bd7 10.
Qa3 cxd4 11. cxd4 O-O 12. Rc1 Nc6 13. d5 Ne5 14. Nxe5 Bxe5 15. Be2 f5 16. Bc5
Rf7 17. exf5 Bxf5 18. O-O b6 19. Bb4 Bd6 20. Rc6 Bd7 21. Bc4 Rc8 22. Bxd6 exd6
23. Qxd6 Bxc6 24. Qxd8+ Rxd8 25. dxc6 Rc8 26. Rc1 Kf8 27. Bxf7 Kxf7 28. f4 Ke6
29. Kf2 Kd6 $11 {1/2-1/2 Kramnik,V-Leko,P/Monte Carlo 2001/CBM 081 ext (44)})
9... Qa5 10. Qb3 $5 $146 {I was happy to discover this new idea during the
game - in my opinion, White's queen is located much better on b3.} ({I simply
didn't like White's position after} 10. Qd2 Bxf3 11. gxf3 e6 {0-1 Yermolinsky,
A-Kasparov,G/Wijk aan Zee 1999/CBM 069/[Krasenkow] (47)}) 10... cxd4 (10...
Bxf3 11. gxf3 (11. Qxb7 O-O 12. Qxa8 cxd4 13. Qd5 Qxd5 14. exd5 Bxd5 15. Bxd4
Bxd4 16. cxd4 $14) 11... cxd4 (11... O-O 12. d5 Nd7 13. h4) 12. Qb5+ Qxb5 13.
Bxb5+ Nc6 14. cxd4 $14) 11. Qb5+ $6 {I played this without any thinking, but
the endgame is quite safe for Black.} ({At the same time much stronger was} 11.
Nxd4 Qc7 (11... O-O 12. Qxb7 Nd7 13. f3 Bxd4 14. Bxd4 Be6 15. Be2 $14) 12. Nb5
Qd8 (12... Qa5 13. Qb4 $14) 13. Nxa7 $14 {and although White has an ugly pawn
structure, I don't see how Black can get sufficient compensation.}) 11... Nc6 (
11... Qxb5 12. Bxb5+ Bd7 13. Bxd7+ Nxd7 14. cxd4 Nf6 15. Nd2 O-O 16. f3 $14)
12. Qxa5 Nxa5 13. Bb5+ {That check is forced.} ({Since after} 13. cxd4 O-O 14.
Be2 Rac8 {Black has some extra tempi compared to the classical ending, which
arises after 8...Qa5 9.Qd2.}) 13... Bd7 14. Bxd7+ Kxd7 15. cxd4 Rhc8 16. Ke2 {
The resulting position is more or less equal, but Black is the side, who has
to find some accurate moves.} Rc4 (16... Nc4 17. Bf4 b5 $11) 17. Rxc4 Nxc4 18.
Rb1 b6 ({There was no time for} 18... Nxe3 $2 19. Rxb7+ Kc6 20. Rxe7 Nxg2 21.
Rxf7 Bh6 22. Ne5+ Kb6 23. Rxh7 $16 {and White's pawns are too strong.}) 19. Bf4
Rc8 20. Kd3 e6 $6 {The first inaccuracy.} ({There was nothing wrong with the
typical} 20... f5 21. exf5 gxf5 $11) 21. g4 $1 {Taking the opportunity and
seizing some space on the kingside, while Black is unable to push b6-b5 on the
other side.} (21. Ng5 e5 $1 22. Rb4 Na5 $1 23. dxe5 h6 24. Nf3 Nc6 25. Rb5 Ke6
$11) 21... f6 22. h4 h6 $6 {After this passive move White gets a clear
advantage.} ({Black should pay more attention to White's activity and play:} 
22... Bf8 $1 23. h5 g5 $1 24. Be3 h6 $11) 23. g5 $1 {Now Black remains with a
permanent weaknesses on the kingside.} fxg5 $6 {Having not much time left on
his clock, Alexander fails to find the best defence.} ({Both alternatives were
better:} 23... h5 24. gxf6 Bxf6 25. Rg1 Nb2+ 26. Kd2 Nc4+ 27. Ke2 Rg8 $14) (
23... hxg5 24. hxg5 f5 25. Nh4 fxe4+ 26. Kxe4 Nd6+ 27. Bxd6 Kxd6 28. Nxg6 Rc2
$14) 24. hxg5 hxg5 {Despite the major simplifications, Black's position
becomes very difficult, since he has 2 weak pawns on e6 and g6, while his
pieces are not coordinating well.} (24... h5 25. Nh4 $18 {[%csl Rg6]}) 25. Bxg5
(25. Nxg5 e5 26. Rb4 Na5 27. Bxe5 Nc6 28. Rb5 Nxe5+ 29. dxe5 Rc1 $16) 25... Nd6
$6 ({I would prefer} 25... Ke8 26. Bf4 Kf7 $16 {and the king protects both
pawns.}) 26. Rg1 (26. Rh1 Rf8 (26... Rh8 27. Rxh8 Bxh8 28. Nh4 Nf7 29. f4 $18)
27. Ne5+ (27. Rh3) 27... Bxe5 28. dxe5 Nb7 29. Ke3 $16) 26... Ke8 $2 {The
decisive mistake.} ({It was necessary to regroup the pieces:} 26... Rf8 27. Rg3
(27. Ne5+ Bxe5 28. dxe5 Nf7 29. Bf6 g5 $14) 27... Nc8 $16) 27. Bd2 $1 (27. Be3
{was also good enough:} Kf7 28. Ng5+ Ke7 29. Nxe6 Kxe6 30. Rxg6+ Bf6 31. e5 Ne8
32. exf6 Kf7 (32... Nxf6 33. Bg5 Kf5 34. Rxf6+ Kxg5 35. Rf7 $18) 33. Rg5 Nxf6
34. d5 Rd8 35. Kd4 $18) 27... Kf7 28. Ng5+ ({My first intention was} 28. Bb4
$142 Nc4 (28... Nb5 29. Ng5+ {[%cal Gg5e6]}) 29. Ng5+ Kf6 {but I failed to
find the strong prophylactic move} 30. Bc3 $1 $18 {[%csl Yb2]}) 28... Ke7 29.
Bb4 a5 (29... Kd7 30. Nxe6 $18) 30. Ba3 Kd7 31. Bxd6 $1 {It was important to
change the main defender - the Bg7 could be restricted by White's pawns.} ({
Of course, there was no need to hurry:} 31. Nxe6 $6 Nb5 32. Rxg6 (32. Bb2 $142
Kxe6 33. Rxg6+ Kf7 34. Rxb6 Nc7 35. Rb7 $16) 32... Rc3+ 33. Kd2 Rxa3 34. Nxg7
Nxd4 $132) 31... Kxd6 32. e5+ Kd7 (32... Kd5 {could be met by the human} 33.
Ne4 $18 ({although there is the stronger} 33. Rb1 Rb8 34. a4 $1 {[%cal Gb1b5]})
) 33. Ne4 Bf8 (33... b5 34. Rxg6 (34. Nc5+ $6 Ke7 35. Rxg6 Kf7 $1) 34... Bf8
35. f4 b4 36. d5 exd5 37. Nf6+ Kc6 38. f5 a4 39. Nh7+ Kb5 40. Nxf8 Rxf8 41. f6
$18) 34. a4 {There was no reason for such a prophylactic move.} (34. Rxg6 b5
35. Nf6+ Ke7 36. Nh5 b4 37. Nf4 Rc3+ 38. Ke4 $18) 34... Bb4 (34... Be7 35. Rxg6
Rc1 36. Rg8 Rd1+ 37. Kc4 $18) 35. Rxg6 Rc1 36. Ng5 {Black looses his Pe6 - the
rest is simple.} Ra1 (36... Rg1 37. Rg7+ Be7 38. Nxe6 $18) (36... Rc6 37. Rg7+
Ke8 38. f4 $18) 37. Nxe6 Rxa4 38. d5 Ra2 39. Rg7+ Kc8 40. Kc4 ({I had enough
time to keep 3 passed pawns:} 40. f4 a4 41. Kc4 $18) 40... Rxf2 41. d6 Rd2 42.
Nd4 (42. Rc7+ Kb8 43. d7 Be7 44. Kb5 $18) 42... Kd8 (42... b5+ 43. Nxb5 Rc2+
44. Kb3 Rc5 45. Nd4 $18) 43. Rg8+ (43. Kd5 Ke8 44. Ke6 Kf8 45. Rf7+ Kg8 46. Nf5
$18) 43... Kd7 44. Kd5 1-0

[Event "Leon"]
[Site "Leon"]
[Date "1995.??.??"]
[Round "3"]
[White "Morovic Fernandez, Ivan"]
[Black "De la Villa Garcia, Jesus Maria"]
[Result "1/2-1/2"]
[WhiteElo "2575"]
[BlackElo "2490"]
[Annotator "Romero Holmes"]
[PlyCount "82"]
[EventDate "1995.05.??"]
[EventType "tourn"]
[EventRounds "9"]
[EventCountry "ESP"]
[EventCategory "14"]
[SourceTitle "CBM 048"]
[Source "ChessBase"]
[SourceDate "1995.10.01"]
[SourceVersion "1"]
[SourceVersionDate "1995.10.01"]
[SourceQuality "1"]

1. d4 Nf6 2. c4 g6 3. Nc3 d5 4. cxd5 Nxd5 5. e4 Nxc3 6. bxc3 Bg7 7. Be3 c5 8.
Qd2 Qa5 9. Rb1 b6 10. Bb5+ Bd7 11. Be2 O-O 12. Rc1 cxd4 13. cxd4 Nc6 14. Nf3
Rac8 15. Qxa5 Nxa5 16. Kd2 f5 17. exf5 Bxf5 18. Ba6 Rcd8 19. Ke2 Bg4 20. Rhd1
Rf6 21. h3 Bxf3+ 22. gxf3 Rfd6 23. d5 Rxd5 24. Rxd5 Rxd5 25. Rc7 Kf7 26. Rxa7
Bd4 27. Rc7 Kf6 28. Rc8 Rd6 29. Bb5 Nb7 30. a4 (30. Bxd4+ Rxd4 31. Rb8 Rb4 $1
32. a4 Nc5 $1 33. Rxb6+ e6 34. a5 Na4 35. Bxa4 Rxa4 $10) 30... Nd8 31. f4 Ne6
32. Kf3 Bb2 33. Rb8 Bd4 34. Rc8 Bb2 35. Rb8 Bd4 36. Bc4 Bc5 37. Bxc5 Nxc5 38.
Rf8+ Kg7 39. Rf7+ Kh8 40. Rf8+ Kg7 41. Rf7+ Kh8 1/2-1/2

[Event "Reykjavik op"]
[Site "Reykjavik"]
[Date "2015.03.17"]
[Round "9"]
[White "L'Ami, Erwin"]
[Black "Melkumyan, Hrant"]
[Result "1-0"]
[WhiteElo "2605"]
[BlackElo "2676"]
[Annotator "Sagar Shah"]
[PlyCount "159"]
[EventDate "2015.03.10"]
[EventType "swiss"]
[EventRounds "10"]
[EventCountry "ISL"]
[SourceTitle "CBM 166"]
[Source "ChessBase"]
[SourceDate "2015.05.11"]
[SourceVersion "1"]
[SourceVersionDate "2015.05.11"]
[SourceQuality "1"]

1. d4 Nf6 2. c4 g6 3. Nc3 d5 4. cxd5 Nxd5 5. e4 Nxc3 6. bxc3 Bg7 7. Nf3 c5 8.
Rb1 {The most fashionable line in the Grünfeld currently.} O-O 9. Be2 Nc6 {
In an interview to ChessBase after the tournament Erwin mentions the following,
" I was not very happy with how this game developed. In trying to surprise him
with the Rb1-line against the Grünfeld I ended up surprising myself when he
chose the move 9...Nc6. I vaguely remembered someone once showing me that 11.
Qc2 is a possibility but it didn't work out well at all."} (9... cxd4 10. cxd4
Qa5+ 11. Bd2 Qxa2 {is the other main line. This pawn sacrifice has been
heavily analysed and it seems as if the majority of top level games are ending
in a draw in this variation.}) 10. d5 Ne5 (10... Bxc3+ 11. Bd2 Bxd2+ 12. Qxd2
$44 {gives White excellent compensation. h4-h5 is on the agenda.}) 11. Qc2 {
A relatively unknown move.} ({The main line continues} 11. Nxe5 Bxe5 12. Qd2 e6
13. f4 Bc7 $5 {Stopping c3-c4 because of Ba5.} 14. O-O exd5 15. exd5 Ba5 16. d6
{This line is extremely sharp and was a hot topic of theoretical discussion
after the game Li Chao-Caruana in 2012.}) 11... Nxf3+ 12. Bxf3 Qa5 13. Bd2 c4 {
Black has prevented White from going c3-c4 and has a very good position out of
the opening.} 14. O-O b5 15. Rfe1 (15. a4 $5 {Trying to break up the queenside
structure looks interesting.} bxa4 $1 {is the best.} (15... Qxa4 16. Qb2 $1 (
16. Qxa4 bxa4 $11) 16... Qa5 (16... a6 17. Ra1 Qb3 18. Qc1 {[%cal Gf3d1] with
Bd1 coming up, the queen is trapped.}) 17. Qxb5 Qxb5 18. Rxb5 $14 {With a
clear edge for White.}) (15... a6 $2 {is met by the very strong} 16. Ra1 $1 $16
) 16. Rb4 (16. Be2 Bd7 $11) 16... Bd7 17. Rfb1 (17. Rxc4 Bb5 $17) 17... a3 $13
{Black is not worse.}) 15... Be5 16. g3 Bh3 17. Bg2 Bxg2 18. Kxg2 Rfd8 19. Red1
Rab8 20. Bf4 $6 {Erwin exchanges the important e5-bishop with his own passive
bishop on d2 but this weakens his kingside pawn structure. A fact that will
make it difficult for him to advance his central majority. When he was asked
about this decision and why not the natural 20.f4, he replied,"I thought that
after 20.Bf4 Bxf4 21.gxf4 I would be worse, but nothing beyond repair. Instead
20.f4 Bg7 21.Be1 didn't look inspiring to me because Black looks totally fine
after say 21...a6 preparing Rd7-Rbd8 and if 22.e5 simply 22...f6! is strong.} (
20. f4 Bg7 21. Be1 {To keep c3 defended and to protect the d5-pawn with the
rook.} a6 ({Erwin suggests 21...a6 but equally good is} 21... e6 22. d6 (22.
dxe6 fxe6 23. e5 Bf8 24. Bf2 {looks pretty promising for White but after} Rxd1
25. Rxd1 Rd8 26. Rxd8 Qxd8 $15 {Black seems to be more than alright.}) 22...
Qb6 (22... e5 23. Rd5 $1 exf4 24. gxf4 $16) 23. e5 {It looks clearly better
for White but Black has the strong move} f6 $1 24. Qe4 fxe5 25. fxe5 Qb7 $13 {
White's e5-pawn is beginning to fall.}) 22. e5 f6 $1 {Black gets excellent
play (Erwin).}) 20... Bxf4 21. gxf4 Qc7 22. Qc1 {Just by having a look at the
position it should be clear that Black has absolutely no problems here.} a5 23.
a3 b4 $6 {Too impatient. Melkumyan should not have released the tension so
soon.} ({Better would have been} 23... e6 $5 {getting rid of the potential
central passer.} 24. dxe6 fxe6 25. Rxd8+ Qxd8 26. Qe3 Qd6 $11) 24. axb4 axb4
25. Rxb4 Rxb4 26. cxb4 {White wins a pawn. Black has excellent compensation in
the form of his c-pawn but it should only be enough for compensation and not
for an advantage.} c3 $6 (26... Rb8 $5 27. d6 (27. Qc3 Qxf4 $11) 27... exd6 28.
Qc3 Qb7 29. Qxc4 Qxb4 $11 {would end in a draw.}) 27. Qe3 Rb8 28. Rc1 c2 29.
Qd2 Qc4 $6 (29... Rc8 {keeping the strong pawn on c2 was imperative.}) 30. Qxc2
Qxb4 {One cannot blame Melkumyan for going into the prospectless pawn down
rook endgame but I would say practically it was the best decision. Here with
the queens on, Black's chances of losing are enhanced.} (30... Qxc2 31. Rxc2
Rxb4 32. Kf3 $14 {I agree that defending this is depressing but with good play,
Black should be able to make a draw.}) 31. Qd3 Qa4 32. Rc4 Qd7 33. h3 {White
is in no hurry. He has a clear plan of trying to create a d-passer and at the
same time create threats against the opponent's king.} Qd6 34. e5 Qd7 35. Rd4
Qb7 36. f5 {Getting rid of the doubled pawns.} Rd8 37. Kh2 Qb2 38. Qe3 Qc2 (
38... gxf5 {would be suicidal as after} 39. d6 $1 {White wins as the pawn
cannot be taken due to Qg5+.}) 39. fxg6 hxg6 40. d6 $1 {Brave and direct play.
In such positions it is often seen that the side with an advantage keeps
shuffling his pieces to tire out his opponent. But here Erwin sees that he has
a good idea and goes for it. Especially on the 40th move, it requires good
deal of confidence.} exd6 41. exd6 (41. Qf4 {preventing the queen from going
to f5 could have been a small nuance worth noticing.} d5 $2 42. Qf6 $18 {
[%cal Gd4h4]}) 41... Qf5 42. f4 Rd7 43. Kg3 Kh7 44. Rd2 Qb1 45. Qd4 Qe1+ 46.
Kg2 Qe6 47. Qe5 Qc4 (47... Qxe5 $2 48. fxe5 {is totally lost.} g5 49. Kf3 Kg6
50. Ke4 $18) 48. f5 Qc6+ 49. Kh2 Qf3 50. fxg6+ fxg6 51. Qd4 Qf5 52. Re2 g5 53.
Re5 (53. Re7+ $2 Rxe7 54. dxe7 Qe6 $11) 53... Qg6 54. Rd5 Qe6 55. Qd2 Qf6 {
Erwin has played fantastic chess up to this move. He had a very nice way to
finish off the game which he misses.} 56. Kg2 (56. h4 $3 {A study like
solution.} g4 (56... gxh4 57. Rh5+ Kg7 58. Qg2+ $1 Qg6 (58... Kf7 59. Rh7+ Ke8
60. Qg8+ $18) 59. Rg5 Rxd6 60. Rxg6+ Rxg6 61. Qe4 $18 {with an easy win for
White.}) 57. Qd3+ Kg7 (57... Qg6 58. Rh5+ Kg7 59. Rg5 $18) (57... Kh8 58. Rh5+
Kg8 59. Qc4+ Kg7 60. Qxg4+ $18) 58. Qd4 $1 Qxd4 59. Rxd4 {This rook endgame is
totally lost.} Kf6 60. h5 (60. Kg3 $2 Ke5 $11) 60... Kg5 (60... Ke5 61. Rd1 $18
) 61. Rd5+ Kf4 62. Kg2 Ke4 63. Rd1 Kf4 64. h6 $18) 56... Qg6 57. Kg3 Qf6 58.
Qd3+ (58. Qe3 $1 {A strong move that takes control of all the important
squares. Black is almost in a zugzwang. His rook cannot move as the pawn will
advance. His king cannot go to g7 or g8. ...Kg6 will be met with Kg4! when the
king takes part in the attack.} Kg6 (58... Rd8 59. d7 $18) 59. Kg4 $18) 58...
Kg7 59. Qd2 Kg6 60. Kg2 (60. Kg4 {cannot be played because of} Qe6+) 60... Kh7
61. Qe2 (61. Qe3 $1 {with the idea of bringing the king up to g4 was unusual
but very strong.}) 61... Kg7 62. h4 $6 {Erwin finally takes the break but the
positioning of his pieces is not the most optimal.} Rxd6 $1 (62... gxh4 $2 63.
Qg4+ Qg6 64. Rg5 Rxd6 65. Kh3 $1 $18 (65. Rxg6+ $2 Rxg6 $11)) 63. hxg5 Qe6 $1
64. Qb2+ Kf7 {Black has now equalised completely. It is impossible to win here
if Black plays accurately but when the game has gone on for so long and with
so much pressure it is easy to go wrong.} 65. Qb7+ Qe7 $2 {A bad mistake by
Melkumyan.} (65... Kf8 $1 $11) (65... Kg6 $1 {was also good.} 66. Rxd6 Qxd6 $11
) 66. Rf5+ $1 Ke8 67. Qb8+ $1 ({Also winning was} 67. Qc8+ $1 Qd8 68. Qc4 $1 {
And only computers can find moves like these.} Rd2+ 69. Kf3 Qd3+ (69... Rd3+
70. Ke4 $18 {and surprisingly there are no more checks.}) 70. Qxd3 Rxd3+ 71.
Kg4 $18 {is a winning rook endgame.}) 67... Qd8 (67... Kd7 68. Qb5+ $1 Kd8 69.
Re5 $1 Rd2+ 70. Kf3 Qf7+ 71. Rf5 {It might take you some time to understand
that Black has no good checks here and White is completely winning.} Qh5+ 72.
Ke3 $18) (67... Rd8 68. Qb5+ Rd7 (68... Qd7 69. Qe2+ Qe7 70. Re5 $18) 69. Re5
$18) 68. Qb5+ Qd7 69. Qb8+ Qd8 70. Qb5+ Qd7 71. Qe2+ Kd8 72. Rf8+ Kc7 73. Qc4+
Rc6 (73... Qc6+ 74. Qxc6+ Rxc6 75. Kf3 $18) 74. Qf4+ Qd6 {Black has no choice
but to exchange the queens. The rook endgame is just losing.} (74... Kb7 75.
Rf7 $18) (74... Kb6 75. Qb4+ Ka7 (75... Kc7 76. Qb8#) 76. Qa4+ Kb7 77. Qa8+ Kb6
78. Rb8+ Kc5 79. Qa3+ Kd5 80. Rd8 $18) 75. Kg3 $1 {Transposing into an endgame
that is eaily won.} Kd7 76. Qxd6+ Rxd6 77. Kg4 Ke7 78. Rf1 Rd8 79. Kh5 Rg8 80.
Kh6 {A grimly fought battle. Once again Erwin's fighting qualities and will to
win helped him emerge victorious. With this win, he took his tally to 8.5/9
and won the tournament with one round to spare.} 1-0